Logo BPK

Bibliografia Prac Pracowników

Politechniki Koszalińskiej

Badanie wpływu parametrów technologicznych nagniatania tocznego z prądem na współczynnik tarcia ślizgowego wyrobu / (Rekord nr 3288)

Szczegóły MARC
000 -ETYKIETA REKORDU
podpole kontrolne o stałej długości 01782naa a2200265 i 4500
001 - NUMER KONTROLNY REKORDU
podpole kontrolne 3288
003 - IDENTYFIKATOR NUMERU KONTROLNEGO REKORDU
podpole kontrolne KOSZ 005
005 - DATA OSTATNIEJ MODYFIKACJI REKORDU
podpole kontrolne 20180315091505.0
008 - POLE O STAŁEJ DŁUGOŚCI - DANE KONTROLNE
podpole kontrolne o stałej długości 141117s2002 pl f |100 0 pol
040 ## - ŹRÓDŁO KATALOGOWANIA
Instytucja, która utworzyła rekord BPK
Instytucja, która dokonała modyfikacji KOSZ 005/EG
080 ## - UNIWERSALNA KLASYFIKACJA DZIESIĘTNA - UKD
UKD 621.73/.77
100 1# - NAZWA OSOBOWA
Nazwa osobowa KUKIEŁKA, Leon.
Lata pracy 1996 - .
Instytucja Politechnika Koszalińska - Wydział Mechaniczny,
Wydział Katedra Maszyn Roboczych
245 10 - TYTUŁ/ODPOWIEDZIALNOŚĆ
Tytuł Badanie wpływu parametrów technologicznych nagniatania tocznego z prądem na współczynnik tarcia ślizgowego wyrobu /
Pozostałe elementy strefy tytułu i oznaczenia odpowiedzialności Leon Kukiełka, Radosław Patyk, Mariusz Wojtalik.
246 31 - WARIANT TYTUŁU
Tytuł Investigating influences of technological parameters of burnishing rolling process with current on coefficient of sliding friction of product
500 ## - UWAGI OGÓLNE
Tekst uwagi Dane z autopsji.
520 ## - UWAGA DOTYCZĄCA TREŚCI DOKUMENTU
Analiza dokumentacyjna, adnotacja itp. W pracy przedstawiono metodykę badań współczynnika tarcia ślizgowego części nagniatanych tocznie z elektrokontaktowym podgrzewaniem. Dokonano analizy otrzymanych wyników za pomocą testów statystycznych. Wykazano korzystny wpływ nagniatania z prądem na właściwości użytkowe warstwy wierzchniej części.
650 #0 - HASŁO PRZEDMIOTOWE W FORMIE NAZWY OGÓLNEJ LUB JEDNOSTKOWEJ
Nazwa ogólna lub geograficzna Nagniatanie.
650 #0 - HASŁO PRZEDMIOTOWE W FORMIE NAZWY OGÓLNEJ LUB JEDNOSTKOWEJ
Nazwa ogólna lub geograficzna Trybologia.
655 #0 - TERMIN INDEKSOWY - OKREŚLENIE RODZAJU/FORMY DOKUMENTU
Określnie rodzaju/formy dokumentu Materiały konferencyjne.
700 1# - HASŁO DODATKOWE - NAZWA OSOBOWA
Nazwa osobowa WOJTALIK, Mariusz - doktorant.
Instytucja Politechnika Koszalińska - Wydział Mechaniczny,
Wydział Zakład Mechaniki Technicznej
773 0# - TYTUŁ DOKUMENTU MACIERZYSTEGO
Wyrażenie wprowadzające W :
Tytuł Droga krajowa nr 6 osią integracji Pomorza Środkowego i szansą rozwoju motoryzacji : V Słupskie Forum Motoryzacji, Słupsk 18-19 maja 2002. -
Adres wydawniczy Słupsk : Starostwo Powiatowe w Słupsku, 2002. -
Informacje dotyczące relacji s. 135-142
711 22 - HASŁO DODATKOWE - NAZWA IMPREZY
Nazwa imprezy Słupskie Forum Motoryzacji
Oznaczenie części/sekcji dzieła (5 ;
Data imprezy 2002 ;
Miejsce imprezy Słupsk, Polska).
700 1# - HASŁO DODATKOWE - NAZWA OSOBOWA
Nazwa osobowa PATYK, Radosław.
Instytucja Politechnika Koszalińska - Wydział Mechaniczny,
Wydział Zakład Mechaniki Technicznej
942 ## - HASŁO DODATKOWE - ELEMENTY(KOHA)
Typ dokumentu Rozdział
Schemat klasyfikacji Uniwersalna klasyfikacja dziesiętna
Egzemplarze
Wycofany Zagubiony Uszkodzony Dostępność Lokalizacja stała Lokalizacja bieżąca Sygnatura Typ dokumentu
      Dostępny Bibliografia Prac Pracowników - BPK Bibliografia Prac Pracowników - BPK 76402 Rozdział
© 2014 Biblioteka Politechniki Koszalińskiej :: BIBLIOGRAFIA PRAC PRACOWNIKÓW